25 first players in Ballon d´Or 2017 by picture - Statistics

General Stats
  • This quiz has been taken 603 times
  • The average score is 23 of 25
Answer Stats
Picture Answer % Correct
Cristiano Ronaldo
100%
Messi
100%
Buffon
99%
Modric
99%
Neymar
99%
Kane
98%
Luis Suarez
98%
Hazard
97%
Mbappe
97%
Sergio Ramos
97%
Cavani
96%
De Bruyne
96%
Kante
96%
Kroos
96%
Marcelo
96%
Griezmann
94%
De Gea
93%
Lewandowski
93%
Dybala
92%
Mane
92%
Benzema
88%
Aubameyang
87%
Bonucci
83%
Isco
80%
Falcao
78%
No matching quizzes found
Score Distribution
Percent of People with Each Score
Percentile by Number Answered
Your Score History
You have not taken this quiz